Valoració de l'estada a l'Escola de Natura Can Grau
Descripción Física:
[4] p. : il. ; 30 cm
MARC
| LEADER | 00000nam a2200000Ia 4500 | ||
|---|---|---|---|
| 001 | 21296 | ||
| 008 | 160829s9999 xx 000 0 cat d | ||
| 080 | |a FU-36-24 | ||
| 245 | |a Valoració de l'estada a l'Escola de Natura Can Grau | ||
| 260 | |a Barcelona : |b Diputació de Barcelona, [200- ?] | ||
| 300 | |a [4] p. : |b il. ; |c 30 cm | ||
| 590 | |a A la part superior de la portada: Parc del Garraf. | ||
| 590 | |a A la part inferior de la portada: Per accedir a les subvencions que atorga la Diputació de Barcelona als centres d'ensenyament que realitzen estades a l'Escola de Natura de Can Grau, cal fer arribar aquest qüestionari,... | ||
| 610 | 0 | |a Parc del Garraf (Catalunya) |9 9859 | |
| 650 | |a Escola de Natura Can Grau |x Valoració |9 36256 | ||
| 650 | |a Qüestionaris |9 36254 | ||
| 710 | |a Parc del Garraf (Catalunya) |9 9859 | ||
| 710 | 1 | |a Barcelona (Catalunya : Província). |b Diputació |9 52408 | |
| 901 | |a Arxiu | ||
| 942 | |n 1 | ||
| 952 | |0 0 |1 0 |4 0 |6 FU3624 |7 1 |9 47258 |a Arxiu |b Arxiu |d 2016-12-01 |l 0 |o FU-36-24 |p 21296 |r 2016-12-01 00:00:00 |w 2016-12-01 |y ARXIU | ||
| 999 | |c 51055 |d 51055 | ||